000
00297nam a2200109Ia 4500
008
230907s9999||||xx |||||||||||||| ||und||
082
_a
628
_b
ENC
245
0
_a
Encyclopedia of Sustainable Technologies /
260
_a
Elsevier,
_b
New York :
_c
2017
300
_a
4 vols.; Various pages.
942
_c
BK
999
_c
599167
_d
599167